000
00307 a2200145 4500
001
150547
040
_c
Escola São Tomás de Aquino
100
_a
DAVIDSON, Alice Joyce
240
1
0
_a
Pai nosso
_l
por
245
1
0
_a
Pai nosso
362
0
_a
1990
440
1
_a
Paulinas
697
_a
RELIGIÃO
942
_c
BK
999
_c
150547
_d
150547